Merrett v Babb (Record no. 67587)

MARC details
000 -LEADER
fixed length control field 01728cam a2200277 4500
001 - CONTROL NUMBER
control field ABS64182
008 - FIXED-LENGTH DATA ELEMENTS--GENERAL INFORMATION
fixed length control field 000000n2001 000 0 eng u
035 ## - SYSTEM CONTROL NUMBER
System control number (Sirsi) u113439
245 ## - TITLE STATEMENT
Title Merrett v Babb
260 ## - PUBLICATION, DISTRIBUTION, ETC.
Date of publication, distribution, etc. 2001
490 ## - SERIES STATEMENT
Series statement Weekly Law Reports
Volume/sequential designation [2000] 3 WLR 1-30(31)
520 ## - SUMMARY, ETC.
Summary, etc. CA 15 February 2001. The appellant (B) sought to overturn a CC ruling that he was personally liable, following the bankruptcy of his employer which terminated his professional indemnity insurance cover, for an incorrect mortgage valuation. B's grounds for the appeal were that he owed M no duty of care and that even if he did so she was only entitled to a half the amount of damages as she only had a half interest in the property. The appeal was dismissed it being held that B owed a duty of care to M and her mother jointly as he had signed the mortgage valuation report assuming personal responsibility for it knowing that they would rely on it, and that as the joint claim could not be properly maintained unless the mother was a party the court had the power to order her to be joined as a claimant under the Limitation Act 1980 s35 and CPR 19.5.
590 ## - LOCAL NOTE (RLIN)
Local note ABS
650 ## - SUBJECT ADDED ENTRY--TOPICAL TERM
Topical term or geographic name entry element CIVIL PROCEDURE RULES PART 19.5
650 ## - SUBJECT ADDED ENTRY--TOPICAL TERM
Topical term or geographic name entry element DUTY OF CARE
650 ## - SUBJECT ADDED ENTRY--TOPICAL TERM
Topical term or geographic name entry element LIMITATION ACT 1980 S35
650 ## - SUBJECT ADDED ENTRY--TOPICAL TERM
Topical term or geographic name entry element MERRETT V BABB
650 ## - SUBJECT ADDED ENTRY--TOPICAL TERM
Topical term or geographic name entry element MORTGAGE VALUATIONS
650 ## - SUBJECT ADDED ENTRY--TOPICAL TERM
Topical term or geographic name entry element NEGLIGENCE
650 ## - SUBJECT ADDED ENTRY--TOPICAL TERM
Topical term or geographic name entry element PERSONAL LIABILITY
650 ## - SUBJECT ADDED ENTRY--TOPICAL TERM
Topical term or geographic name entry element SURVEYORS
650 ## - SUBJECT ADDED ENTRY--TOPICAL TERM
Topical term or geographic name entry element PROFESSIONAL NEGLIGENCE
690 ## - LOCAL SUBJECT ADDED ENTRY--TOPICAL TERM (OCLC, RLIN)
Topical term or geographic name as entry element PROFESSIONAL PRACTICE-NEGLIGENCE-CASE LAW
856 ## - ELECTRONIC LOCATION AND ACCESS
Uniform Resource Identifier <a href="https://www.bailii.org/cgi-bin/markup.cgi?doc=/ew/cases/EWCA/Civ/2001/214.html&query=Merrett+and+Babb&method=all">https://www.bailii.org/cgi-bin/markup.cgi?doc=/ew/cases/EWCA/Civ/2001/214.html&query=Merrett+and+Babb&method=all</a>
Public note View judgment free of charge at www.bailii.org...
942 ## - ADDED ENTRY ELEMENTS (KOHA)
Suppress in OPAC 0
Holdings
Withdrawn status Lost status Source of classification or shelving scheme Damaged status Not for loan Home library Current library Shelving location Date acquired Total Checkouts Full call number Barcode Date last seen Copy number Price effective from Koha item type
    Dewey Decimal Classification     Virtual Virtual Online 04/07/2001   ABS64182 113439-2001 06/08/2019 1 06/08/2019 Law report